000 00665nam a2200289Ia 4500
005 20260324143025.0
008 008 260324s9999 xx 000 0 eng d
020 _a9780429315794
037 _aEBOOK
040 _aCRL
040 _beng
040 _cCRL
041 _2eng
041 _aeng
084 _qCRL
100 _aMelanie Newton; Vera Tolz
_91214111
245 4 _aThe Ussr In 1991
245 2 _bA Record Of Events
260 _bTaylor and Francis
260 _c1993
365 _a
365 _b230
856 _uhttp://www.taylorfrancis.com/books/9780429315794
942 _cEBOOK
999 _c1819004
_d1819004